Public personnel management: Contexts and strategies (Record no. 33655)

MARC details
000 -LEADER
fixed length control field 00503nam a2200181Ia 4500
008 - FIXED-LENGTH DATA ELEMENTS--GENERAL INFORMATION
fixed length control field 230917s9999||||xx |||||||||||||| ||und||
020 ## - ISBN
Price GBP94.99
040 ## - CATALOGING SOURCE
-- 258925
Original cataloging agency VIVEKANANDA LIBRARY
041 ## - Language
-- English
082 ## - DDC NUMBER
Classification number 362.7340973 L775P(7)
100 ## - MAIN ENTRY--PERSONAL NAME
Personal name Llorens, Jared J
245 #0 - TITLE STATEMENT
Title Public personnel management: Contexts and strategies
250 ## - EDITION STATEMENT
Edition statement 7th ed.
260 ## - PUBLICATION, DISTRIBUTION, ETC. (IMPRINT)
Place of publication, distribution, etc New Delhi
Name of publisher, distributor, etc Routledge
Date of publication, distribution, etc 2018
300 ## - PHYSICAL DESCRIPTION
Pages x, 362 p.
500 ## - GENERAL NOTE
General note 3698 05/11/2019 HBD19/8058 09/12/2019 Main Budget
942 ## - ADDED ENTRY ELEMENTS (KOHA)
Koha item type Books
Holdings
Withdrawn status Lost status Damaged status Not for loan Location (home branch) Sublocation or collection (holding branch) Date acquired Koha issues (times borrowed) Koha full call number Accession No. Koha date last seen Koha item type
        VIVEKANANDA LIBRARY VIVEKANANDA LIBRARY     362.7340973 L775P(7) 391079 17/09/2023 Books
© Designed and Maintained by Vivekananda Library, MDU Rohtak